000 00503nam a2200193Ia 4500
005 20250603145021.0
008 250603s9999 xx 000 0 und d
020 _a9781292025988
050 _aTK 5102.9 .K36/
100 _aKamen, Edward W.
245 0 _aFundamentals of signals and systems using the Web and MATLAB
250 _a3rd ed.
260 _aUpper Saddle River
260 _bPearson Prentice Hall
260 _c2021
300 _a643 p
650 _aUpper Saddle River
942 _cBK
999 _c40626
_d40626